[Event "1st 4NCL International Open"]
[Site "Telford"]
[Date "2018.11.02"]
[Round "5"]
[White "Stepanyan, Henrik"]
[Black "Korneev, Oleg"]
[Result "0-1"]
[WhiteElo "2158"]
[BlackElo "2560"]
[Annotator "TA"]
[PlyCount "106"]
[EventDate "2018.10.31"]
[EventType "swiss"]
[EventCountry "GBR"]
[SourceTitle "playchess.com"]
[Source "ChessBase"]
[SourceQuality "1"]

{[%evp 25,106,-23,-1,-40,-34,-44,-45,-54,-56,-81,-84,-81,-63,-90,-90,-94,-91,-170,-169,-184,-170,-199,-171,-147,-96,-99,-91,-154,-107,-106,-113,-115,-103,-209,-132,-130,-116,-210,-214,-278,-265,-272,-272,-272,-236,-224,-219,-284,-268,-284,-284,-284,-268,-282,-231,-240,-234,-264,-239,-309,-289,-306,-291,-306,-288,-468,-458,-773,-534,-870,-859,-768,-638,-495,-510,-3048,-3116,-29978,-29979,-29979,-29980,-29973,-29972]} 1. d4 d5 2. Nf3 Nf6 3. c4 c6 4. g3 Bg4 5. Bg2 e6 6. O-O Nbd7 7. Nbd2 Be7 8. b3 O-O 9. Bb2 a5 10. a3 h6 11. Re1 Bf5 12. Ne5 Nxe5 {D11: Slav Defence: 3 Nf3 sidelines and 3...Nf6 4 e3 Bg4} 13. dxe5 Nd7 {LiveBook: 4 Games} 14. e4 (14. cxd5 {feels hotter.} cxd5 15. e4 dxe4 16. Bxe4 Nc5 17. Bxf5 exf5 18. Nc4) 14... dxe4 {Black is slightly better.} 15. Nxe4 Nc5 $1 16. Nxc5 Bxc5 17. Qxd8 $146 ({Predecessor:} 17. Be4 Qxd1 18. Raxd1 Rfd8 19. Bxf5 exf5 20. Kg2 {0-1 (37) Sziraki,T (2314)-Gonda,L (2486) Hungary 2010}) 17... Rfxd8 18. Bc3 g5 19. Red1 Rxd1+ 20. Rxd1 Bxa3 21. Rd7 (21. Ra1 $17 {is a better defense.} Be7 22. Rxa5) 21... Bb4 $19 22. Bd4 {[#]} Bc2 $1 23. h4 Bxb3 24. Rxb7 Rd8 ({Black should play} 24... gxh4 25. gxh4 Rd8) 25. Be3 $17 gxh4 {And now ...c5 would win.} 26. gxh4 (26. Bxc6 $142 hxg3 27. c5) 26... Kg7 27. Bxc6 Bxc4 28. Ra7 Bc3 29. Ba4 (29. h5 $17) 29... Bxe5 30. Rxa5 Bd5 31. Bb5 {[#]} (31. Bc2 $17) 31... Rb8 $1 $19 32. Bd3 Rb4 33. Kf1 Rxh4 {Threatens to win with ...Bf3.} 34. Ke2 Bd4 35. Ra4 Bf6 36. Ra7 Bg5 37. Bc5 Bc4 38. Bxc4 Rxc4 {[%mdl 4096] Endgame KRB-KRB} 39. Bb6 Bf6 40. Ra3 Rc2+ 41. Kf1 Bg5 42. Rg3 e5 {[%cal Be6e5,Be5e4][%mdl 32]} 43. Kg2 f5 44. Ra3 e4 45. Bd4+ $2 (45. Kf1) 45... Kg6 46. Ra6+ (46. Bb6 $142 f4 47. Kh3) 46... Kh5 47. Kh3 Rd2 48. Bc5 Rd3+ 49. Kg2 Kg4 50. Bf8 (50. Re6 $142 h5 51. Rg6) 50... f4 {[%cal Bf5f4,Bf4f3][%mdl 32] ( -> ...f3+)} 51. Bxh6 f3+ {Black mates.} 52. Kh2 Bxh6 53. Rxh6 Rd2 {Precision: White = 18%, Black = 80%.} 0-1

[Event "1st 4NCL International Open"]
[Site "Telford"]
[Date "2018.11.02"]
[Round "5"]
[White "Munshi, Aditya"]
[Black "Rahul Srivatshav P"]
[Result "0-1"]
[WhiteElo "2117"]
[BlackElo "2395"]
[Annotator "NA"]
[PlyCount "70"]
[EventDate "2018.10.31"]
[EventType "swiss"]
[EventCountry "GBR"]
[SourceTitle "playchess.com"]
[Source "ChessBase"]
[SourceQuality "1"]
[TimeControl "5400+30"]

1. e4 {[%emt 0:00:00]} g6 {[%emt 0:00:00]} 2. d4 {[%emt 0:00:18]} Bg7 {[%emt 0:00:00]} 3. Nf3 {[%emt 0:00:30]} d6 {[%emt 0:00:04]} 4. Bc4 {[%emt 0:00:20]} e6 {[%emt 0:01:10]} 5. Bb3 {[%emt 0:01:00]} Ne7 {[%emt 0:00:41] B06: Modern Defence} 6. c3 {[%emt 0:00:50]} a6 {[%emt 0:01:05]} 7. O-O {[%emt 0:02:14]} b5 {[%emt 0:02:18]} 8. Re1 {[%emt 0:02:33]} Bb7 {[%emt 0:00:18]} 9. Nbd2 {[%emt 0:00:25]} Nd7 {[%emt 0:02:39]} 10. Nf1 {[%emt 0:00:50]} O-O {[%emt 0:12:27]} 11. Ng3 {[%emt 0:02:08]} (11. h4 h6 12. Ng3 c5 13. Bf4 cxd4 14. cxd4 Nb6 15. Rc1 Qd7 16. Qd2 Kh7 17. Qa5 Qd8 18. Qa3 d5 19. Bc7 {1-0 (19) Dubov,D (2703)-Sviridov,V (2551) Sochi 2018}) 11... c5 {[%emt 0:04:39]} 12. Be3 {[%emt 0:03:53]} Qc7 $146 {[%emt 0:07:41]} ({Predecessor:} 12... e5 13. dxe5 dxe5 {1-0 (52) Tari,A (2593)-Rocha,S (2370) Katowice 2017}) 13. Qd2 {[%emt 0:05:15]} a5 {[%emt 0:08:37]} 14. Bh6 {[%emt 0:12:45]} a4 {[%emt 0:03:26]} 15. Bxg7 {[%emt 0:08:34]} Kxg7 {[%emt 0:00:13]} 16. Bc2 {[%emt 0:03:39]} h6 {[%emt 0:09:58]} 17. h4 {[%emt 0:07:53]} Nb6 {[%emt 0:01:39]} 18. h5 {[%emt 0:25:07]} Nc4 {[%emt 0:10:23]} 19. Qc1 $14 {[%emt 0:01:13]} cxd4 {[%emt 0:02:27]} 20. hxg6 {[%emt 0:04:05]} fxg6 {[%emt 0:04:49]} 21. Nxd4 {[%emt 0:07:15]} Bc8 {[%emt 0:00:05]} 22. b3 {[%emt 0:03:07]} Ne5 {[%emt 0:06:14]} 23. Nxb5 {[%emt 0:05:39]} Qc5 {[%emt 0:00:01]} 24. Nd4 {[%emt 0:00:14]} Ng4 {[%emt 0:00:07]} 25. f3 {[%emt 0:02:11]} e5 {[%emt 0:00:59]} 26. fxg4 {[%emt 0:00:10]} Nc6 {[%emt 0:02:11]} 27. b4 {[%emt 0:00:47]} Qb6 {[%emt 0:00:06]} 28. g5 {[%emt 0:00:31]} exd4 {[%emt 0:00:26]} 29. gxh6+ {[%emt 0:00:04]} Kh7 {[%emt 0:00:04]} 30. Qg5 {[%emt 0:00:56]} d3+ {[%emt 0:01:19]} 31. Kh2 {[%emt 0:00:32]} dxc2 {[%emt 0:00:41]} 32. Rf1 {[%emt 0:00:14]} Qd8 {[%emt 0:01:00]} 33. Qd5 {[%emt 0:00:24]} Ba6 {[%emt 0:01:52]} 34. Rf7+ {[%emt 0:00:33]} Rxf7 {[%emt 0:00:32]} 35. Qxf7+ {[%emt 0:00:01]} Kxh6 {[%emt 0:00:06]} 0-1

[Event "1st 4NCL International Open"]
[Site "Telford"]
[Date "2018.11.02"]
[Round "5"]
[White "White, Stuart A"]
[Black "Guha, Chirag"]
[Result "1/2-1/2"]
[WhiteElo "2113"]
[BlackElo "1887"]
[Annotator "NA"]
[PlyCount "154"]
[EventDate "2018.10.31"]
[EventType "swiss"]
[EventCountry "GBR"]
[SourceTitle "playchess.com"]
[Source "ChessBase"]
[SourceQuality "1"]
[TimeControl "5400+30"]

1. d4 {[%emt 0:00:00]} d5 {[%emt 0:00:00]} 2. c4 {[%emt 0:00:00]} e6 {[%emt 0:00:00]} 3. Nc3 {[%emt 0:00:00]} Nf6 {[%emt 0:00:00]} 4. cxd5 {[%emt 0:00:00]} exd5 {[%emt 0:00:00]} 5. Bg5 {[%emt 0:00:00]} Be7 {[%emt 0:00:00]} 6. e3 {[%emt 0:00:11]} c6 {[%emt 0:00:04]} 7. Bd3 {[%emt 0:00:06]} Nbd7 {[%emt 0:00:07]} 8. Nge2 {[%emt 0:00:09]} Nh5 {[%emt 0:01:01]} 9. Bxe7 {[%emt 0:00:44]} Qxe7 {[%emt 0:00:07]} 10. Qd2 {[%emt 0:02:28] D35: Damengambit (Abtauschvariante)} (10. g4 Nhf6 11. Ng3 Nb6 12. g5 Ng8 13. h4 Be6 14. Nh5 g6 15. Ng7+ Kd7 16. Nxe6 Qxe6 17. a4 a5 18. h5 Ne7 19. Qf3 {0-1 (49) Wojtaszek,R (2745)-Onischuk,A (2682) Tbilisi 2017}) 10... g6 {[%emt 0:01:54]} 11. O-O {[%emt 0:03:38]} Ng7 $146 {[%emt 0:01:53]} ({Vorgänger:} 11... O-O 12. f3 Nb6 13. Rae1 Be6 14. b3 f5 15. a4 Rae8 16. Bb1 Qb4 17. Ba2 Nd7 {1-0 (36) Salinas Herrera,P (2486)-Damaso,R (2440) Batumi 2018}) 12. f3 {[%emt 0:02:39]} Nb6 {[%emt 0:01:11]} 13. Rad1 {[%emt 0:05:05]} O-O {[%emt 0:00:54]} 14. Kh1 {[%emt 0:07:58]} Be6 {[%emt 0:02:30]} 15. Nf4 {[%emt 0:05:03]} c5 {[%emt 0:05:53]} 16. dxc5 {[%emt 0:18:13]} Qxc5 {[%emt 0:00:42]} 17. Nce2 {[%emt 0:00:46]} Rfe8 {[%emt 0:16:06]} 18. Nd4 {[%emt 0:03:11]} Nc4 {[%emt 0:16:52]} 19. Qf2 {[%emt 0:07:31]} Rac8 {[%emt 0:10:54]} 20. Rfe1 {[%emt 0:04:13]} a6 {[%emt 0:02:16]} 21. b3 {[%emt 0:07:54]} Ne5 {[%emt 0:03:15]} 22. Qd2 {[%emt 0:02:16]} Qc3 {[%emt 0:15:40]} 23. Qxc3 {[%emt 0:10:49]} Rxc3 {[%emt 0:00:06]} 24. Nde2 {[%emt 0:00:28]} Rc5 {[%emt 0:02:17]} 25. Bb1 {[%emt 0:01:09]} Rec8 {[%emt 0:01:15]} 26. Kg1 {[%emt 0:01:23]} g5 {[%emt 0:01:36]} 27. Nd3 {[%emt 0:02:38]} Nxd3 {[%emt 0:00:07]} 28. Bxd3 {[%emt 0:00:30]} Nf5 {[%emt 0:07:05]} 29. Bxf5 {[%emt 0:00:49]} Bxf5 {[%emt 0:00:08]} 30. Nd4 {[%emt 0:00:10]} Bg6 {[%emt 0:02:10]} 31. Kf2 {[%emt 0:00:19]} Kf8 {[%emt 0:01:21]} 32. Rd2 {[%emt 0:00:37]} h6 {[%emt 0:01:27]} 33. Red1 {[%emt 0:00:33]} Ke7 {[%emt 0:02:59]} 34. Rh1 {[%emt 0:00:13]} Kd6 {[%emt 0:03:44]} 35. h4 {[%emt 0:00:45]} Rc1 {[%emt 0:00:43]} 36. Rdd1 {[%emt 0:06:27]} R1c3 {[%emt 0:00:40]} 37. hxg5 {[%emt 0:01:21]} hxg5 {[%emt 0:00:03]} 38. Rd2 {[%emt 0:01:05]} Rc1 {[%emt 0:00:30]} 39. Rxc1 {[%emt 0:01:04]} Rxc1 {[%emt 0:00:04]} 40. Ne2 {[%emt 0:01:56]} Rc5 {[%emt 0:00:35]} 41. b4 {[%emt 0:03:01]} Rc4 {[%emt 0:00:51]} 42. a3 {[%emt 0:00:34]} Ke5 {[%emt 0:00:23]} 43. g3 {[%emt 0:00:40]} Bf5 {[%emt 0:01:15]} 44. Nd4 {[%emt 0:01:37]} Bg6 {[%emt 0:00:03]} 45. Rb2 {[%emt 0:00:25]} b5 {[%emt 0:01:29]} 46. Rb3 {[%emt 0:00:56]} Bh7 {[%emt 0:00:04]} 47. Ke2 {[%emt 0:00:34]} Bg6 {[%emt 0:00:33]} 48. Kd2 {[%emt 0:00:07]} Bh7 {[%emt 0:00:27]} 49. Rb2 {[%emt 0:00:08]} Bg6 {[%emt 0:00:24]} 50. Ra2 {[%emt 0:00:20]} Bh7 {[%emt 0:00:25]} 51. Ra1 {[%emt 0:00:00]} Bg6 {[%emt 0:00:08]} 52. Rh1 {[%emt 0:00:00]} Rc8 {[%emt 0:00:03]} 53. Rh6 {[%emt 0:00:36]} Kf6 {[%emt 0:00:25]} 54. f4 {[%emt 0:01:02]} gxf4 {[%emt 0:00:08]} 55. gxf4 {[%emt 0:00:08]} Kg7 {[%emt 0:00:27]} 56. Rh2 {[%emt 0:00:06]} Be4 {[%emt 0:00:37]} 57. Rh5 {[%emt 0:00:06]} Kf6 {[%emt 0:00:53]} 58. Rh6+ {[%emt 0:00:08]} Bg6 {[%emt 0:01:01]} 59. Rh1 {[%emt 0:01:23]} Be4 {[%emt 0:00:25]} 60. Rc1 {[%emt 0:00:26]} Rc4 {[%emt 0:00:47]} 61. Rxc4 {[%emt 0:00:47]} dxc4 {[%emt 0:00:30]} 62. Kc3 {[%emt 0:00:40]} Ke7 {[%emt 0:00:59]} 63. Ne2 {[%emt 0:00:10]} f5 {[%emt 0:00:20]} 64. Kd4 {[%emt 0:00:12]} Kd6 {[%emt 0:00:22]} 65. Ng3 {[%emt 0:00:31]} Bc2 {[%emt 0:00:24]} 66. Nh5 {[%emt 0:00:18]} Ke6 {[%emt 0:00:49]} 67. Ng3 {[%emt 0:01:13]} Kd6 {[%emt 0:00:12]} 68. Ne2 {[%emt 0:00:12]} Be4 {[%emt 0:00:28]} 69. Nc3 {[%emt 0:00:19]} Bc6 {[%emt 0:00:45]} 70. Nd1 {[%emt 0:01:51]} Be4 {[%emt 0:00:29]} 71. Nf2 {[%emt 0:00:26]} Bc2 {[%emt 0:00:39]} 72. Nh3 {[%emt 0:00:14]} Bb1 {[%emt 0:00:15]} 73. Ng5 {[%emt 0:00:04]} Ke7 {[%emt 0:00:23]} 74. Nf3 {[%emt 0:00:12]} Kd6 {[%emt 0:00:17]} 75. Ne5 {[%emt 0:00:33]} Be4 {[%emt 0:00:35]} 76. Nf7+ {[%emt 0:01:15]} Ke7 $11 {[%emt 0:00:21]} 77. Ng5 {[%emt 0:00:25]} Bb1 {[%emt 0:00:28]} 1/2-1/2

[Event "1st 4NCL International Open"]
[Site "Telford"]
[Date "2018.11.02"]
[Round "5"]
[White "Clark, Robert G"]
[Black "Ahluwalia, Amardip"]
[Result "1/2-1/2"]
[WhiteElo "2025"]
[BlackElo "2085"]
[Annotator "NA"]
[PlyCount "59"]
[EventDate "2018.10.31"]
[EventType "swiss"]
[EventCountry "GBR"]
[SourceTitle "playchess.com"]
[Source "ChessBase"]
[SourceQuality "1"]
[TimeControl "5400+30"]

1. e4 {[%emt 0:00:00]} e5 {[%emt 0:00:00]} 2. Nf3 {[%emt 0:00:00]} Nc6 {[%emt 0:00:14]} 3. Bb5 {[%emt 0:00:00]} a6 {[%emt 0:00:41]} 4. Ba4 {[%emt 0:00:05]} Nf6 {[%emt 0:00:33]} 5. O-O {[%emt 0:00:15]} b5 {[%emt 0:00:33]} 6. Bb3 {[%emt 0:00:08]} Bc5 {[%emt 0:00:15]} 7. c3 {[%emt 0:10:25]} d6 {[%emt 0:00:36]} 8. h3 {[%emt 0:03:24]} O-O {[%emt 0:00:37]} 9. Re1 {[%emt 0:04:25]} h6 {[%emt 0:01:38]} 10. d4 {[%emt 0:03:19]} Bb6 {[%emt 0:00:07]} 11. Be3 {[%emt 0:02:46]} Rb8 {[%emt 0:00:40]} 12. Nbd2 {[%emt 0:02:24]} Re8 {[%emt 0:01:51]} 13. a4 {[%emt 0:08:36]} Bd7 {[%emt 0:06:36]} 14. axb5 {[%emt 0:03:01]} axb5 {[%emt 0:00:07]} 15. Bc2 {[%emt 0:05:33]} exd4 {[%emt 0:07:31]} 16. cxd4 {[%emt 0:06:15]} Nb4 {[%emt 0:01:01]} 17. Bb1 {[%emt 0:01:53]} c5 {[%emt 0:01:35]} 18. Qb3 {[%emt 0:06:15]} Nc6 {[%emt 0:06:12]} 19. d5 {[%emt 0:02:58]} Ne7 {[%emt 0:02:27]} 20. Bf4 {[%emt 0:01:18]} Bc7 {[%emt 0:00:58]} 21. Bh2 {[%emt 0:03:34]} Ng6 {[%emt 0:01:57]} 22. Qd3 {[%emt 0:02:19]} Bc8 {[%emt 0:06:09]} 23. b4 {[%emt 0:01:41]} c4 {[%emt 0:03:44]} 24. Qc3 {[%emt 0:02:54]} Bb7 {[%emt 0:02:27]} 25. Bc2 {[%emt 0:01:51]} Bc8 {[%emt 0:04:42]} 26. Nd4 {[%emt 0:01:27]} Bd7 {[%emt 0:00:21]} 27. Kh1 {[%emt 0:02:30]} Nh5 {[%emt 0:04:31]} 28. Qf3 {[%emt 0:04:50]} Nf6 {[%emt 0:00:53]} 29. Qc3 {[%emt 0:00:46]} Nh5 {[%emt 0:00:07]} 30. Qf3 {[%emt 0:00:06]} 1/2-1/2

[Event "1st 4NCL International Open"]
[Site "Telford"]
[Date "2018.11.02"]
[Round "5"]
[White "Zabrocki, Philip"]
[Black "Wall, Tim P"]
[Result "0-1"]
[WhiteElo "1952"]
[BlackElo "2253"]
[Annotator "NA"]
[PlyCount "50"]
[EventDate "2018.10.31"]
[EventType "swiss"]
[EventCountry "GBR"]
[SourceTitle "playchess.com"]
[Source "ChessBase"]
[SourceQuality "1"]
[TimeControl "5400+30"]

1. e4 {[%emt 0:00:00]} c6 {[%emt 0:06:03]} 2. d4 {[%emt 0:00:00]} d5 {[%emt 0:00:13]} 3. e5 {[%emt 0:02:46]} Bf5 {[%emt 0:00:29]} 4. Ne2 {[%emt 0:03:59]} e6 {[%emt 0:02:25]} 5. Ng3 {[%emt 0:00:36]} Ne7 {[%emt 0:01:13]} 6. Nxf5 {[%emt 0:04:30]} Nxf5 {[%emt 0:00:10]} 7. c3 {[%emt 0:01:34]} c5 {[%emt 0:02:23]} 8. Bd3 {[%emt 0:04:05]} Nc6 {[%emt 0:01:38]} 9. Bxf5 {[%emt 0:00:18]} exf5 {[%emt 0:00:12]} 10. Na3 {[%emt 0:04:28]} cxd4 {[%emt 0:02:48]} 11. cxd4 {[%emt 0:01:03]} Bxa3 {[%emt 0:00:10]} 12. bxa3 {[%emt 0:00:12]} Qa5+ {[%emt 0:00:22]} 13. Bd2 {[%emt 0:01:50]} Qxa3 {[%emt 0:04:14]} 14. O-O {[%emt 0:01:15]} Qd3 {[%emt 0:02:35]} 15. Rb1 {[%emt 0:02:45]} O-O {[%emt 0:04:52]} 16. Rxb7 {[%emt 0:02:03]} Qxd4 {[%emt 0:00:32]} 17. e6 {[%emt 0:00:41]} fxe6 {[%emt 0:01:34]} 18. Qc1 $17 {[%emt 0:01:21]} Qc4 {[%emt 0:04:06]} 19. Qb2 {[%emt 0:03:24]} d4 {[%emt 0:09:05]} 20. Rc1 {[%emt 0:01:09]} Qd5 {[%emt 0:00:17]} 21. Rc7 {[%emt 0:00:36]} Ne5 {[%emt 0:07:03]} 22. R1c5 {[%emt 0:07:10]} Rab8 {[%emt 0:05:42]} 23. Qc2 {[%emt 0:04:21]} d3 {[%emt 0:04:05]} 24. Qc3 {[%emt 0:01:10]} Rb1+ {[%emt 0:00:37]} 25. Bc1 {[%emt 0:00:01]} d2 {[%emt 0:01:14]} 0-1

[Event "1st 4NCL International Open"]
[Site "Telford"]
[Date "2018.11.02"]
[Round "5"]
[White "Jamieson, Ian"]
[Black "Ross, Stuart"]
[Result "1-0"]
[WhiteElo "1947"]
[BlackElo "1608"]
[Annotator "NA"]
[PlyCount "75"]
[EventDate "2018.10.31"]
[EventType "swiss"]
[EventCountry "GBR"]
[SourceTitle "playchess.com"]
[Source "ChessBase"]
[SourceQuality "1"]
[TimeControl "5400+30"]

1. b3 {[%emt 0:00:00]} e5 {[%emt 0:00:00]} 2. Bb2 {[%emt 0:00:00]} Nc6 {[%emt 0:00:00]} 3. e3 {[%emt 0:00:00]} Nf6 {[%emt 0:00:32]} 4. Bb5 {[%emt 0:00:01]} Bd6 {[%emt 0:00:33]} 5. a3 {[%emt 0:00:51]} a6 {[%emt 0:01:50]} 6. Be2 {[%emt 0:00:12]} b5 {[%emt 0:01:12]} 7. c4 {[%emt 0:01:53]} Rb8 {[%emt 0:01:08]} 8. cxb5 {[%emt 0:05:19]} axb5 {[%emt 0:00:54]} 9. Nc3 {[%emt 0:00:34]} b4 {[%emt 0:01:47]} 10. Nb5 {[%emt 0:01:13]} bxa3 {[%emt 0:05:37]} 11. Nxd6+ {[%emt 0:00:37]} cxd6 {[%emt 0:00:30]} 12. Bxa3 {[%emt 0:00:19]} Ne4 {[%emt 0:05:46]} 13. Nf3 {[%emt 0:06:07]} Qb6 {[%emt 0:07:28]} 14. O-O {[%emt 0:04:31]} Nb4 {[%emt 0:09:41]} 15. Qb1 {[%emt 0:12:49]} Nf6 {[%emt 0:14:10]} 16. Rc1 {[%emt 0:07:46]} Ba6 {[%emt 0:06:37]} 17. Bxb4 {[%emt 0:11:24]} Bxe2 {[%emt 0:01:15]} 18. Ba5 {[%emt 0:00:13]} Qb7 {[%emt 0:02:43]} 19. Qf5 {[%emt 0:04:09]} Rc8 {[%emt 0:08:58]} 20. Nxe5 {[%emt 0:09:54]} Rxc1+ {[%emt 0:08:57]} 21. Rxc1 {[%emt 0:00:01]} O-O {[%emt 0:00:50]} 22. Nd3 {[%emt 0:09:45]} Qxb3 {[%emt 0:03:05]} 23. Nf4 {[%emt 0:00:21]} Bg4 {[%emt 0:01:02]} 24. Qb1 {[%emt 0:05:57]} Qxb1 {[%emt 0:02:28]} 25. Rxb1 {[%emt 0:00:01]} Rc8 {[%emt 0:01:59]} 26. f3 {[%emt 0:02:16]} Be6 {[%emt 0:00:36]} 27. Bc3 {[%emt 0:07:51]} Ne8 {[%emt 0:01:32]} 28. Kf2 {[%emt 0:00:34]} h6 {[%emt 0:00:26]} 29. e4 {[%emt 0:01:23]} g5 {[%emt 0:02:47]} 30. Ne2 {[%emt 0:01:46]} d5 {[%emt 0:00:37]} 31. Rb6 {[%emt 0:01:23]} dxe4 {[%emt 0:00:32]} 32. fxe4 {[%emt 0:00:02]} Kh7 {[%emt 0:01:53]} 33. h3 {[%emt 0:01:15]} Ng7 {[%emt 0:02:55]} 34. Bxg7 {[%emt 0:01:54]} Kxg7 {[%emt 0:00:03]} 35. d4 {[%emt 0:00:12]} Bc4 {[%emt 0:00:41]} 36. Ng3 {[%emt 0:00:17]} Bd3 {[%emt 0:01:14]} 37. Nf5+ {[%emt 0:00:40]} Kh7 {[%emt 0:00:34]} 38. Rxh6+ {[%emt 0:00:15]} 1-0

[Event "1st 4NCL International Open"]
[Site "Telford"]
[Date "2018.11.02"]
[Round "5"]
[White "Bennett, Dominic L"]
[Black "Paul, Nathanael"]
[Result "1-0"]
[WhiteElo "1933"]
[BlackElo "1890"]
[Annotator "NA"]
[PlyCount "123"]
[EventDate "2018.10.31"]
[EventType "swiss"]
[EventCountry "GBR"]
[SourceTitle "playchess.com"]
[Source "ChessBase"]
[SourceQuality "1"]
[TimeControl "5400+30"]

1. c4 {[%emt 0:00:24]} c6 {[%emt 0:00:00]} 2. Nf3 {[%emt 0:01:29]} Nf6 {[%emt 0:00:00]} 3. g3 {[%emt 0:02:48]} d5 {[%emt 0:00:13]} 4. Bg2 {[%emt 0:00:49]} Bf5 {[%emt 0:07:55]} 5. d4 {[%emt 0:08:20]} e6 {[%emt 0:15:02]} 6. O-O {[%emt 0:00:18]} Be7 {[%emt 0:08:01]} 7. Bf4 {[%emt 0:08:09]} dxc4 {[%emt 0:06:26]} 8. Nbd2 {[%emt 0:04:13]} Nbd7 {[%emt 0:02:20]} 9. Nxc4 {[%emt 0:01:14]} Nb6 {[%emt 0:02:30]} 10. Na5 {[%emt 0:01:17]} Qc8 {[%emt 0:01:34]} 11. Qb3 {[%emt 0:07:42]} O-O {[%emt 0:02:31]} 12. Rac1 {[%emt 0:00:23]} Nfd5 {[%emt 0:06:22]} 13. Bg5 {[%emt 0:10:30]} Bb4 {[%emt 0:16:59]} 14. Bd2 {[%emt 0:00:48]} Bd6 {[%emt 0:00:09]} 15. Rfe1 {[%emt 0:04:05]} Bg6 {[%emt 0:00:13]} 16. e4 {[%emt 0:07:29]} Ne7 {[%emt 0:00:41]} 17. Bb4 {[%emt 0:00:28]} Rd8 {[%emt 0:02:56]} 18. Qa3 {[%emt 0:08:11]} Bxb4 {[%emt 0:01:14]} 19. Qxb4 {[%emt 0:00:20]} Qc7 {[%emt 0:00:33]} 20. Nb3 {[%emt 0:05:01]} h6 {[%emt 0:13:10]} 21. Qa5 {[%emt 0:00:24]} Rac8 {[%emt 0:01:38]} 22. a3 {[%emt 0:02:11]} Qb8 {[%emt 0:00:52]} 23. Ne5 {[%emt 0:04:02]} Bh7 {[%emt 0:01:30]} 24. Bh3 {[%emt 0:02:42]} Rd6 {[%emt 0:00:38]} 25. Qc3 {[%emt 0:04:42]} Ng6 {[%emt 0:03:37]} 26. Nd3 {[%emt 0:01:36]} Rf8 {[%emt 0:01:18]} 27. Qa5 {[%emt 0:00:49]} Rdd8 {[%emt 0:00:39]} 28. Bg2 {[%emt 0:00:49]} Ne7 {[%emt 0:00:33]} 29. Qh5 {[%emt 0:01:16]} Nec8 {[%emt 0:00:45]} 30. Ndc5 {[%emt 0:00:37]} Nd7 {[%emt 0:01:21]} 31. Nxd7 {[%emt 0:01:53]} Rxd7 {[%emt 0:00:05]} 32. Red1 {[%emt 0:00:18]} Rfd8 {[%emt 0:01:09]} 33. f4 {[%emt 0:02:32]} Qc7 {[%emt 0:02:03]} 34. Qc5 {[%emt 0:01:09]} Qb6 {[%emt 0:00:12]} 35. Qxb6 {[%emt 0:03:54]} axb6 {[%emt 0:00:03]} 36. Kf2 {[%emt 0:01:13]} Kf8 {[%emt 0:00:56]} 37. Bf3 {[%emt 0:00:18]} Nd6 {[%emt 0:00:57]} 38. Ke3 {[%emt 0:00:48]} Nb5 {[%emt 0:00:27]} 39. g4 {[%emt 0:01:32]} f6 {[%emt 0:00:35]} 40. h4 {[%emt 0:00:36]} Bg8 {[%emt 0:00:04]} 41. e5 {[%emt 0:00:40]} fxe5 {[%emt 0:00:46]} 42. dxe5 {[%emt 0:00:28]} Bh7 {[%emt 0:00:39]} 43. Rxd7 {[%emt 0:00:47]} Rxd7 {[%emt 0:00:04]} 44. Rd1 {[%emt 0:00:10]} Rxd1 {[%emt 0:01:32]} 45. Bxd1 {[%emt 0:00:07]} Nc7 {[%emt 0:00:09]} 46. Nd4 {[%emt 0:01:47]} c5 {[%emt 0:00:14]} 47. Ne2 {[%emt 0:00:00]} Nd5+ {[%emt 0:00:00]} 48. Kf3 {[%emt 0:00:17]} Bd3 {[%emt 0:00:06]} 49. Nc3 {[%emt 0:00:40]} Nxc3 {[%emt 0:01:43]} 50. bxc3 {[%emt 0:01:09]} Bc4 {[%emt 0:00:14]} 51. Ke3 {[%emt 0:00:18]} Ke7 {[%emt 0:00:26]} 52. Bf3 {[%emt 0:00:13]} Ba6 {[%emt 0:01:10]} 53. Be2 {[%emt 0:00:45]} Bxe2 {[%emt 0:00:35]} 54. Kxe2 {[%emt 0:00:11]} g6 {[%emt 0:00:06]} 55. c4 {[%emt 0:00:57]} Kf7 {[%emt 0:00:25]} 56. a4 {[%emt 0:00:19]} Kg7 {[%emt 0:00:49]} 57. h5 {[%emt 0:00:25]} g5 {[%emt 0:00:45]} 58. Kf3 {[%emt 0:00:58]} gxf4 {[%emt 0:00:35]} 59. Kxf4 {[%emt 0:00:16]} Kf7 {[%emt 0:00:21]} 60. g5 {[%emt 0:00:49]} Kg7 {[%emt 0:00:16]} 61. gxh6+ {[%emt 0:00:18]} Kxh6 {[%emt 0:00:12]} 62. Kg4 {[%emt 0:01:20]} 1-0